|
|
|
|
| LEADER |
01308nam a2200277 a 4500 |
| 001 |
2654552 |
| 008 |
091008s1970 dcu b 100 0 eng d |
| 010 |
|
|
|a 70141217
|
| 040 |
|
|
|a DLC
|c DLC
|d DLC
|
| 082 |
0 |
0 |
|a 370.15
|2 16
|
| 245 |
0 |
4 |
|a The Affective domain :
|b a resource book for media specialists.
|c Contributors: William H. Barber [and others] Published for the National Special Media Institutes.
|
| 260 |
|
|
|a Washington,
|b Communication Service Corp.,
|c 1970.
|
| 300 |
|
|
|a ix, 179 p.
|c 22 cm.
|
| 490 |
0 |
|
|a Contributions of behavioral science to instructional technology,
|v 1
|
| 500 |
|
|
|a Revision of papers originally prepared for a series of seminars organized by the National Special Media Institutes.
|
| 504 |
|
|
|a Includes bibliographies.(p.171-173)
|
| 541 |
1 |
|
|e 00005206
|
| 650 |
|
0 |
|a Learning, Psychology of.
|
| 650 |
|
0 |
|a Motivation (Psychology)
|
| 650 |
|
0 |
|a Affective education.
|
| 700 |
1 |
|
|a Barber, William H.,
|d 1934-
|
| 710 |
2 |
|
|a National Special Media Institutes.
|
| 710 |
1 |
|
|a United States.
|b Office of Education.
|
| 852 |
4 |
|
|a Ayesha Abed Library
|j General shelf
|
| 999 |
|
|
|c 4472
|d 4472
|
| 952 |
|
|
|0 0
|1 0
|2 ddc
|4 0
|6 370_150000000000000_AFF_1970
|7 0
|9 4187
|a BRACUL
|b BRACUL
|c GEN
|d 2009-10-11
|g 0.00
|l 0
|o 370.15 AFF
|p 3010005206
|r 2009-10-11
|t 1
|w 2009-10-11
|y BK
|x No price found in the accession register.
|